وسيط في القانون المدني / (رقم التسجيلة. 80612)

تفاصيل مارك
000 -LEADER
fixed length control field 00529nam a22001817a 4500
005 - DATE AND TIME OF LATEST TRANSACTION
control field 20251108172503.0
008 - FIXED-LENGTH DATA ELEMENTS--GENERAL INFORMATION
fixed length control field 250721s9999 xx 000 0 ara d
082 14 - DEWEY DECIMAL CLASSIFICATION NUMBER
Classification number م/347/طلب
100 1# - MAIN ENTRY--PERSONAL NAME
Personal name طلبه، أنور
245 10 - TITLE STATEMENT
Title وسيط في القانون المدني /
250 ## - EDITION STATEMENT
Edition statement ط4
264 1# - PRODUCTION, PUBLICATION, DISTRIBUTION, MANUFACTURE, AND COPYRIGHT NOTICE
Place of production, publication, distribution, manufacture الإسكندرية :
Name of producer, publisher, distributor, manufacturer المكتب الجامعي الحديث،
300 ## - PHYSICAL DESCRIPTION
Extent
650 17 - SUBJECT ADDED ENTRY--TOPICAL TERM
Topical term or geographic name as entry element القانون المدني
650 17 - SUBJECT ADDED ENTRY--TOPICAL TERM
Topical term or geographic name as entry element الإجراءات المدنية
942 ## - ADDED ENTRY ELEMENTS (KOHA)
Source of classification or shelving scheme Dewey Decimal Classification
Koha item type مراجع
المقتنيات
حالة السحب حالة الفقدان مصدر التصنيف حالة التلف غير قابل للإعارة المكتبة الرئيسية المكتبة الحالية موقع الرف تاريخ التزويد الرقم المتسلسل Total Checkouts رقم الإستدعاء الباركود تاريخ آخر ظهور تاريخ الفاتورة نوع المادة (كوها)
    Dewey Decimal Classification   Not For Loan مكتبة منتدى الرواد مكتبة منتدى الرواد مراجع 11/01/2018 1652918   م/347/طلب PLD00416292 28/07/2025 11/01/2018 مراجع
    Dewey Decimal Classification   Not For Loan مكتبة منتدى الرواد مكتبة منتدى الرواد مراجع 11/01/2018 1652917   م/347/طلب PLD00416293 28/07/2025 11/01/2018 مراجع
    Dewey Decimal Classification   Not For Loan مكتبة منتدى الرواد مكتبة منتدى الرواد مراجع 11/01/2018 1652919   م/347/طلب PLD00416294 28/07/2025 11/01/2018 مراجع
    Dewey Decimal Classification   Not For Loan مكتبة منتدى الرواد مكتبة منتدى الرواد مراجع 11/01/2018 1652920   م/347/طلب PLD00416295 28/07/2025 11/01/2018 مراجع
    Dewey Decimal Classification   Not For Loan مكتبة منتدى الرواد مكتبة منتدى الرواد مراجع 11/01/2018 1652921   م/347/طلب PLD00416296 28/07/2025 11/01/2018 مراجع
    Dewey Decimal Classification   Not For Loan مكتبة منتدى الرواد مكتبة منتدى الرواد مراجع 11/01/2018 1652922   م/347/طلب PLD00416297 28/07/2025 11/01/2018 مراجع
Implemented & Customized by: BBB with SCIT (Smart Chains for Information Technology)

Powered by Koha